<?xml version="1.0" encoding="UTF-8"?>
<collection xmlns="http://www.loc.gov/MARC21/slim">
 <record>
  <leader>03330nam a2200421 a 4500</leader>
  <controlfield tag="001">0017310</controlfield>
  <controlfield tag="003">BD-DhAAL</controlfield>
  <controlfield tag="005">20250702171050.0</controlfield>
  <controlfield tag="008">090507s2001    ii a         001 0 eng d</controlfield>
  <datafield tag="010" ind1=" " ind2=" ">
   <subfield code="a">\\\00040633 </subfield>
  </datafield>
  <datafield tag="020" ind1=" " ind2=" ">
   <subfield code="a">8177587668</subfield>
  </datafield>
  <datafield tag="020" ind1=" " ind2=" ">
   <subfield code="a">9789332550483</subfield>
  </datafield>
  <datafield tag="020" ind1=" " ind2=" ">
   <subfield code="a">8120320964</subfield>
  </datafield>
  <datafield tag="020" ind1=" " ind2=" ">
   <subfield code="a">0130149918</subfield>
  </datafield>
  <datafield tag="040" ind1=" " ind2=" ">
   <subfield code="a">DLC</subfield>
   <subfield code="c">DLC</subfield>
   <subfield code="d">DLC</subfield>
   <subfield code="d">BD-DhAAL</subfield>
  </datafield>
  <datafield tag="082" ind1="0" ind2="0">
   <subfield code="a">621.3815</subfield>
   <subfield code="2">21</subfield>
  </datafield>
  <datafield tag="100" ind1="1" ind2=" ">
   <subfield code="a">Coughlin, Robert F.</subfield>
   <subfield code="9">21841</subfield>
  </datafield>
  <datafield tag="245" ind1="1" ind2="0">
   <subfield code="a">Operational amplifiers and linear integrated circuits /</subfield>
   <subfield code="c">Robert F. Coughlin and Frederick F. Driscoll.</subfield>
  </datafield>
  <datafield tag="250" ind1=" " ind2=" ">
   <subfield code="a">Sixth edition.</subfield>
  </datafield>
  <datafield tag="260" ind1=" " ind2=" ">
   <subfield code="a">New Delhi, India :</subfield>
   <subfield code="b">Prentice Hall ;</subfield>
   <subfield code="b">Pearson,</subfield>
   <subfield code="c">c2001 [first impression 2015, second impression 2016].</subfield>
  </datafield>
  <datafield tag="300" ind1=" " ind2=" ">
   <subfield code="a">557 pages,</subfield>
   <subfield code="a">xxvii, 529 pages :</subfield>
   <subfield code="b">illustrations ;</subfield>
   <subfield code="c">25 cm</subfield>
  </datafield>
  <datafield tag="500" ind1=" " ind2=" ">
   <subfield code="a">Includes index.</subfield>
  </datafield>
  <datafield tag="526" ind1=" " ind2=" ">
   <subfield code="a">EEE</subfield>
   <subfield code="x">Nahid-Al-Masood
Lectures
Department of Computer Science and Engineering
BRAC University

Course Name : Electronic Circuits II (ECE 203)</subfield>
  </datafield>
  <datafield tag="541" ind1="1" ind2=" ">
   <subfield code="e">0017310, 31909, 31910</subfield>
   <subfield code="a">A H Development Publishing House</subfield>
  </datafield>
  <datafield tag="650" ind1=" " ind2="0">
   <subfield code="a">Operational amplifiers.</subfield>
   <subfield code="9">21842</subfield>
  </datafield>
  <datafield tag="650" ind1=" " ind2="0">
   <subfield code="a">Linear integrated circuits.</subfield>
   <subfield code="9">21843</subfield>
  </datafield>
  <datafield tag="650" ind1=" " ind2="0">
   <subfield code="a">Electrical engineering.</subfield>
   <subfield code="9">42621</subfield>
  </datafield>
  <datafield tag="700" ind1="1" ind2=" ">
   <subfield code="a">Driscoll, Frederick F.,</subfield>
   <subfield code="d">1943-</subfield>
   <subfield code="9">21844</subfield>
  </datafield>
  <datafield tag="852" ind1="4" ind2=" ">
   <subfield code="a">Ayesha Abed Library</subfield>
   <subfield code="c">General Stacks</subfield>
  </datafield>
  <datafield tag="942" ind1="0" ind2="0">
   <subfield code="0">2</subfield>
   <subfield code="2">ddc</subfield>
   <subfield code="c">BK</subfield>
  </datafield>
  <datafield tag="999" ind1=" " ind2=" ">
   <subfield code="c">482</subfield>
   <subfield code="d">482</subfield>
  </datafield>
  <datafield tag="952" ind1=" " ind2=" ">
   <subfield code="0">0</subfield>
   <subfield code="1">0</subfield>
   <subfield code="2">ddc</subfield>
   <subfield code="4">0</subfield>
   <subfield code="6">621_381500000000000_COU_2006</subfield>
   <subfield code="7">0</subfield>
   <subfield code="9">437</subfield>
   <subfield code="a">BRACUL</subfield>
   <subfield code="b">BRACUL</subfield>
   <subfield code="c">GEN</subfield>
   <subfield code="d">2009-05-07</subfield>
   <subfield code="e">A H Development Publishing House</subfield>
   <subfield code="g">590.00</subfield>
   <subfield code="l">21</subfield>
   <subfield code="m">146</subfield>
   <subfield code="o">621.3815 COU</subfield>
   <subfield code="p">3010017311</subfield>
   <subfield code="r">2020-01-01</subfield>
   <subfield code="s">2019-09-25</subfield>
   <subfield code="t">2</subfield>
   <subfield code="v">1180.00</subfield>
   <subfield code="w">2009-05-07</subfield>
   <subfield code="y">BK</subfield>
   <subfield code="x">Requisitioned by Nahid-Al-Masood (Lectures) for the course named - &quot;Electronic Circuits II (ECE 203)&quot;.</subfield>
  </datafield>
  <datafield tag="952" ind1=" " ind2=" ">
   <subfield code="0">0</subfield>
   <subfield code="1">0</subfield>
   <subfield code="2">ddc</subfield>
   <subfield code="4">0</subfield>
   <subfield code="6">621_381500000000000_COU</subfield>
   <subfield code="7">0</subfield>
   <subfield code="9">13188</subfield>
   <subfield code="a">BRACUL</subfield>
   <subfield code="b">BRACUL</subfield>
   <subfield code="c">GEN</subfield>
   <subfield code="d">2010-11-07</subfield>
   <subfield code="e">A H Development Publishing House</subfield>
   <subfield code="g">590.00</subfield>
   <subfield code="l">19</subfield>
   <subfield code="m">138</subfield>
   <subfield code="o">621.3815 COU</subfield>
   <subfield code="p">3010017312</subfield>
   <subfield code="r">2020-01-13</subfield>
   <subfield code="s">2019-09-30</subfield>
   <subfield code="t">3</subfield>
   <subfield code="w">2010-11-07</subfield>
   <subfield code="y">BK</subfield>
   <subfield code="x">Requisitioned by Nahid-Al-Masood (Lectures) for the course named - &quot;Electronic Circuits II (ECE 203)&quot;</subfield>
  </datafield>
  <datafield tag="952" ind1=" " ind2=" ">
   <subfield code="0">0</subfield>
   <subfield code="1">0</subfield>
   <subfield code="2">ddc</subfield>
   <subfield code="4">0</subfield>
   <subfield code="6">621_381500000000000_COU</subfield>
   <subfield code="7">0</subfield>
   <subfield code="9">13664</subfield>
   <subfield code="a">BRACUL</subfield>
   <subfield code="b">BRACUL</subfield>
   <subfield code="c">CIR</subfield>
   <subfield code="d">2010-12-21</subfield>
   <subfield code="e">A H Development Publishing House</subfield>
   <subfield code="g">590.00</subfield>
   <subfield code="l">21</subfield>
   <subfield code="m">98</subfield>
   <subfield code="o">621.3815 COU</subfield>
   <subfield code="p">3010017310</subfield>
   <subfield code="r">2017-03-01</subfield>
   <subfield code="s">2017-01-24</subfield>
   <subfield code="t">1</subfield>
   <subfield code="w">2010-12-21</subfield>
   <subfield code="y">1HOUR</subfield>
   <subfield code="x">Requisitioned by Nahid-Al-Masood (Lectures) for the course named - &quot;Electronic Circuits II (ECE 203)&quot;.</subfield>
  </datafield>
  <datafield tag="952" ind1=" " ind2=" ">
   <subfield code="0">0</subfield>
   <subfield code="1">1</subfield>
   <subfield code="2">ddc</subfield>
   <subfield code="4">0</subfield>
   <subfield code="6">621_381500000000000_COU</subfield>
   <subfield code="7">0</subfield>
   <subfield code="9">59984</subfield>
   <subfield code="a">BRACUL</subfield>
   <subfield code="b">BRACUL</subfield>
   <subfield code="d">2017-02-06</subfield>
   <subfield code="e">A H Development Publishing House</subfield>
   <subfield code="g">590.00</subfield>
   <subfield code="l">0</subfield>
   <subfield code="o">621.3815 COU</subfield>
   <subfield code="p">3010017313</subfield>
   <subfield code="r">2017-02-06</subfield>
   <subfield code="t">4</subfield>
   <subfield code="w">2017-02-06</subfield>
   <subfield code="y">BK</subfield>
   <subfield code="x">Requisitioned by Nahid-Al-Masood (Lectures) for the course named - &quot;Electronic Circuits II (ECE 203)&quot;</subfield>
  </datafield>
  <datafield tag="952" ind1=" " ind2=" ">
   <subfield code="0">0</subfield>
   <subfield code="1">0</subfield>
   <subfield code="2">ddc</subfield>
   <subfield code="4">0</subfield>
   <subfield code="6">621_381500000000000_COU</subfield>
   <subfield code="7">0</subfield>
   <subfield code="9">59985</subfield>
   <subfield code="a">BRACUL</subfield>
   <subfield code="b">BRACUL</subfield>
   <subfield code="c">GEN</subfield>
   <subfield code="d">2017-02-06</subfield>
   <subfield code="e">A H Development Publishing House</subfield>
   <subfield code="g">590.00</subfield>
   <subfield code="l">1</subfield>
   <subfield code="m">10</subfield>
   <subfield code="o">621.3815 COU</subfield>
   <subfield code="p">3010017314</subfield>
   <subfield code="r">2025-02-10</subfield>
   <subfield code="s">2024-11-12</subfield>
   <subfield code="t">5</subfield>
   <subfield code="w">2017-02-06</subfield>
   <subfield code="y">BK</subfield>
   <subfield code="x">Requisitioned by Nahid-Al-Masood (Lectures) for the course named - &quot;Electronic Circuits II (ECE 203)&quot;</subfield>
  </datafield>
  <datafield tag="952" ind1=" " ind2=" ">
   <subfield code="0">0</subfield>
   <subfield code="1">0</subfield>
   <subfield code="2">ddc</subfield>
   <subfield code="4">0</subfield>
   <subfield code="6">621_381500000000000_COU</subfield>
   <subfield code="7">0</subfield>
   <subfield code="9">60929</subfield>
   <subfield code="a">BRACUL</subfield>
   <subfield code="b">BRACUL</subfield>
   <subfield code="c">GEN</subfield>
   <subfield code="d">2017-07-23</subfield>
   <subfield code="e">Karim International</subfield>
   <subfield code="g">1150.00</subfield>
   <subfield code="l">6</subfield>
   <subfield code="m">30</subfield>
   <subfield code="o">621.3815 COU</subfield>
   <subfield code="p">3010031909</subfield>
   <subfield code="q">2026-06-02</subfield>
   <subfield code="r">2026-05-19</subfield>
   <subfield code="s">2026-05-19</subfield>
   <subfield code="t">6</subfield>
   <subfield code="v">1150.00</subfield>
   <subfield code="w">2017-07-23</subfield>
   <subfield code="y">BK</subfield>
  </datafield>
  <datafield tag="952" ind1=" " ind2=" ">
   <subfield code="0">0</subfield>
   <subfield code="1">0</subfield>
   <subfield code="2">ddc</subfield>
   <subfield code="4">0</subfield>
   <subfield code="6">621_381500000000000_COU</subfield>
   <subfield code="7">0</subfield>
   <subfield code="9">60930</subfield>
   <subfield code="a">BRACUL</subfield>
   <subfield code="b">BRACUL</subfield>
   <subfield code="c">GEN</subfield>
   <subfield code="d">2017-07-23</subfield>
   <subfield code="e">Karim International</subfield>
   <subfield code="g">1150.00</subfield>
   <subfield code="l">3</subfield>
   <subfield code="m">22</subfield>
   <subfield code="o">621.3815 COU</subfield>
   <subfield code="p">3010031910</subfield>
   <subfield code="r">2025-05-26</subfield>
   <subfield code="s">2025-04-09</subfield>
   <subfield code="t">7</subfield>
   <subfield code="v">1150.00</subfield>
   <subfield code="w">2017-07-23</subfield>
   <subfield code="y">BK</subfield>
  </datafield>
 </record>
</collection>
